000 00448nam a22001697a 4500
003 NUST - PNEC
005 20170116181034.0
008 150919b xxu||||| |||| 00| 0 eng d
020 _a-
040 _cLIBRARY
082 _a621.381957 IBM
100 _911277
_aIBM
245 _aCatalog of engineering and scientific application programs
_cIBM
260 _cc.1991
650 _911278
_aScience--Data processing
_xMIS, MS COMM
942 _2ddc
_cBK
999 _c67854
_d67854